Энергетическое ресурсы БССР и их использование : (Record no. 325263)
[ view plain ]
| 000 -LEADER | |
|---|---|
| fixed length control field | 01293nam a2200241 a 4500 |
| 001 - CONTROL NUMBER | |
| control field | 000975958 |
| 003 - CONTROL NUMBER IDENTIFIER | |
| control field | AM-YeHGA |
| 005 - DATE AND TIME OF LATEST TRANSACTION | |
| control field | 20250617150137.0 |
| 008 - FIXED-LENGTH DATA ELEMENTS--GENERAL INFORMATION | |
| fixed length control field | 130723s1967 bw r 000 0 rus d |
| 040 ## - CATALOGING SOURCE | |
| Original cataloging agency | AM-YeHGA |
| 041 0# - LANGUAGE CODE | |
| Language code of text/sound track or separate title | rus |
| 090 ## - LOCALLY ASSIGNED LC-TYPE CALL NUMBER (OCLC); LOCAL CALL NUMBER (RLIN) | |
| -- | 327008 |
| 245 00 - TITLE STATEMENT | |
| Title | Энергетическое ресурсы БССР и их использование : |
| Remainder of title | Библиографический указатель ... / |
| Statement of responsibility, etc. | АН БССР; Фундамент. б-ка им. Я. Коласа; Сост. Е.В. Свирина; Ред. В.Г. Ваулин. |
| 246 1# - VARYING FORM OF TITLE | |
| Title proper/short title | Энергетическое хозяйство Белорусской ССР |
| 260 ## - PUBLICATION, DISTRIBUTION, ETC. | |
| Place of publication, distribution, etc. | Минск : |
| Name of publisher, distributor, etc. | Б. и., |
| Date of publication, distribution, etc. | 1967-. |
| 300 ## - PHYSICAL DESCRIPTION | |
| Extent | год ; |
| Dimensions | 21 см. |
| 505 10 - FORMATTED CONTENTS NOTE | |
| Miscellaneous information | 1922-1965 гг. (1967, 280 с.) |
| -- | 1966-1970 гг. (1971, 280 С.) |
| -- | 1973 . Июль-декабрь (1974, 80 с.) |
| 650 14 - SUBJECT ADDED ENTRY--TOPICAL TERM | |
| Topical term or geographic name entry element | Отраслевая и тематическая библиография |
| General subdivision | Энергетика |
| 653 0# - INDEX TERM--UNCONTROLLED | |
| Uncontrolled term | Энергетические ресурсы-Топливные ресурсы-Библиография |
| 700 1# - ADDED ENTRY--PERSONAL NAME | |
| Personal name | Свирина, Е.В. |
| Relator term | сост. |
| Relationship | com |
| 700 1# - ADDED ENTRY--PERSONAL NAME | |
| Personal name | Ваулин, В.Г. |
| Relator term | ред. |
| Relationship | edt |
| 710 2# - ADDED ENTRY--CORPORATE NAME | |
| Corporate name or jurisdiction name as entry element | Фундаментальная библиотека им. Я. Коласа АН БССР |
| Withdrawn status | Lost status | Source of classification or shelving scheme | Damaged status | Not for loan | Collection | Home library | Current library | Date acquired | Total checkouts | Full call number | Barcode | Date last seen | Price effective from | Koha item type | Public note |
|---|---|---|---|---|---|---|---|---|---|---|---|---|---|---|---|
| Universal Decimal Classification | General | Fundamental Scientific Library | Fundamental Scientific Library | 09/01/2017 | PII/338667 | FL0273782 | 09/01/2017 | 09/01/2017 | Գրքեր / Books | 30 Days Loan |
ՀՀ Գիտությունների ազգային ակադեմիայի հիմնարար գիտական գրադարան = Fundamental Scientific Library of NAS RA
All site content, except where otherwise noted, is licensed under a